Statistics for MLB Top MVP, Cy Young, and ROY 1999

Click here to take the quiz!

General Stats

  • This quiz has been taken 18 times
  • The average score is 21 of 40

Answer Stats

#AnswerTeamPos.% Correct
1Chipper JonesATL3B
100%
1Iván RodríguezTEXC
100%
2Pedro MartinezBOSP
100%
1Pedro MartinezBOSP
100%
1Randy JohnsonARIP
100%
2Jeff BagwellHOU1B
94%
7Mike PiazzaNYMC
94%
6Derek JeterNYYSS
88%
10Ken Griffey Jr.SEACF
88%
2Mike MussinaBALP
88%
2Freddy GarcíaSEAP
81%
10Larry WalkerCOLRF
81%
3Manny RamirezCLERF
81%
7Nomar GarciaparraBOSSS
81%
8Jason GiambiOAK1B
75%
3Roberto AlomarCLE2B
69%
9Sammy SosaCHCRF
69%
5Mark McGwireSTL1B
56%
3Matt WilliamsARI3B
56%
5Tim HudsonOAKP
56%
3Mariano RiveraNYYP
50%
5Rafael PalmeiroTEXDH
50%
1Carlos BeltránKCRCF
38%
3Kevin MillwoodATLP
38%
9Shawn GreenTORRF
38%
4Greg VaughnCINLF
31%
4Bartolo ColónCLEP
25%
4Billy WagnerHOUP
25%
2Preston WilsonFLACF
25%
4José LimaHOUP
19%
2Mike HamptonHOUP
19%
5Aaron SeleTEXP
6%
4Brian DaubachBOS1B
6%
8Edgardo AlfonzoNYM2B
6%
3Jeff ZimmermanTEXP
6%
5Joe McEwingSTL2B
6%
4Kris BensonPITP
6%
6Robin VenturaNYM3B
6%
1Scott WilliamsonCINP
6%
3Warren MorrisPIT2B
6%

Score Distribution

Percentile by Number Answered

Percent of People with Each Score

Your Score History

You have not taken this quiz